<?xml version="1.0" encoding="UTF-8"?><?xml-stylesheet type="text/xsl" href="static/style.xsl"?><OAI-PMH xmlns="http://www.openarchives.org/OAI/2.0/" xmlns:xsi="http://www.w3.org/2001/XMLSchema-instance" xsi:schemaLocation="http://www.openarchives.org/OAI/2.0/ http://www.openarchives.org/OAI/2.0/OAI-PMH.xsd"><responseDate>2026-06-01T02:17:07Z</responseDate><request verb="GetRecord" identifier="oai:riuma.uma.es:10630/33889" metadataPrefix="marc">https://riuma.uma.es/rest/oai/request</request><GetRecord><record><header><identifier>oai:riuma.uma.es:10630/33889</identifier><datestamp>2026-02-03T11:36:25Z</datestamp><setSpec>com_10630_2254</setSpec><setSpec>col_10630_37953</setSpec></header><metadata><record xmlns="http://www.loc.gov/MARC21/slim" xmlns:dcterms="http://purl.org/dc/terms/" xmlns:doc="http://www.lyncode.com/xoai" xmlns:xsi="http://www.w3.org/2001/XMLSchema-instance" xsi:schemaLocation="http://www.loc.gov/MARC21/slim http://www.loc.gov/standards/marcxml/schema/MARC21slim.xsd">
   <leader>00925njm 22002777a 4500</leader>
   <datafield ind2=" " ind1=" " tag="042">
      <subfield code="a">dc</subfield>
   </datafield>
   <datafield ind2=" " ind1=" " tag="720">
      <subfield code="a">Rando-Burgos, Esther</subfield>
      <subfield code="e">author</subfield>
   </datafield>
   <datafield ind2=" " ind1=" " tag="260">
      <subfield code="c">2019</subfield>
   </datafield>
   <datafield ind2=" " ind1=" " tag="520">
      <subfield code="a">El avance de las políticas urbanas en el marco del derecho a la ciudad y la paulatina inclusión del principio de desarrollo territorial y urbano sostenible, lleva a que cada vez estén más presentes aspectos como la perspectiva de género, la sostenibilidad, la cohesión social o la participación, en suma, la búsqueda de ciudades más inclusivas, más humanas y más habitables. En no demasiado tiempo, se ha pasado de tratar de garantizar el cumplimiento de determinados aspectos en el planeamiento a través de los correspondientes informes, trámite formal desde el punto de vista procedimental, a la inclusión de criterios en los nuevos modelos de desarrollo territorial y urbano con la incorporación de medidas concretas dirigidas a su efectividad. El trabajo se centra por un lado en analizar cuándo es exigible el informe de impacto de género a la luz de la reciente jurisprudencia del Tribunal Supremo y por otro la novedad que supone el expreso reconocimiento en sede jurisdiccional del derecho a la ciudad y el principio de igualdad de trato, inspirador de la nueva concepción del desarrollo urbano y territorial sostenible, así como su paulatina inclusión en los marcos legislativos autonómicos.</subfield>
   </datafield>
   <datafield ind1="8" ind2=" " tag="024">
      <subfield code="a">Rando Burgos, E. (2019). Urbanismo y género: del informe de impacto de género al principio de igualdad de trato como inspirador de la nueva concepción del desarrollo urbano. Revista De Estudios De La Administración Local Y Autonómica, (12), 52–71. https://doi.org/10.24965/reala.i12.10702</subfield>
   </datafield>
   <datafield ind1="8" ind2=" " tag="024">
      <subfield code="a">https://hdl.handle.net/10630/33889</subfield>
   </datafield>
   <datafield ind1="8" ind2=" " tag="024">
      <subfield code="a">10.24965/reala.i12.10702</subfield>
   </datafield>
   <datafield tag="653" ind2=" " ind1=" ">
      <subfield code="a">Urbanismo</subfield>
   </datafield>
   <datafield ind2="0" ind1="0" tag="245">
      <subfield code="a">Urbanismo y género: del informe de impacto de género al principio de igualdad de trato como inspirador de la nueva concepción del desarrollo urbano</subfield>
   </datafield>
</record>
</metadata></record></GetRecord></OAI-PMH>